Pliegos de rebotica / (Record no. 196126)

MARC details
000 -LEADER
campo de control de longitud fija 01604nas a2200445 i 4500
001 - NÚMERO DE CONTROL
campo de control 196126
003 - IDENTIFICADOR DE NÚMERO DE CONTROL
campo de control ES-MaACL
005 - FECHA Y HORA DE LA ÚLTIMA TRANSACCIÓN
campo de control 20260520151522.0
007 - CAMPO FIJO DE DESCRIPCIÓN FÍSICA--INFORMACIÓN GENERAL
campo de control de longitud fija ta
008 - DATOS DE LONGITUD FIJA--INFORMACIÓN GENERAL
campo de control de longitud fija 240813c19809999sp qr p 0uuub0spa
010 ## - NÚMERO DE CONTROL DE LA BIBLIOTECA DEL CONGRESO
Número de control de LC c
Número de control de NUCMC 1
016 7# - NÚMERO DE CONTROL DE UNA AGENCIA BIBLIOGRÁFICA NACIONAL
Número de control del registro biseBNE19970126122
Fuente SpMaBN
Número de control cancelado/no válido REB1996015978
017 ## - NÚMERO DE COPYRIGHT O DE DEPÓSITO LEGAL
Número de copyright o de depósito legal M 15489-1975
Agencia que asigna Oficina Depósito Legal Madrid
022 0# - NÚMERO INTERNACIONAL NORMALIZADO PARA PUBLICACIONES SERIADAS
Número Internacional Normalizado para Publicaciones Seriadas 0214-4867
035 ## - NÚMERO DE CONTROL DEL SISTEMA
Número de control de sistema (OCoLC)436671117
035 ## - NÚMERO DE CONTROL DEL SISTEMA
Número de control de sistema (SpMaBN)bise0000061901
035 ## - NÚMERO DE CONTROL DEL SISTEMA
Número de control de sistema 991030593089708606
037 ## - FUENTE DE ADQUISICIÓN
Fuente del número de adquisición Villanueva, 11, 28001; tf. 914312560, fax 915763905; c.e.:aefla@redfarma.org
040 ## - FUENTE DE CATALOGACIÓN
Centro catalogador/agencia de origen SpMaBN
Lengua de catalogación spa
Centro/agencia transcriptor SIC
Centro/agencia modificador ES-MaACL
080 ## - NÚMERO DE LA CLASIFICACIÓN DECIMAL UNIVERSAL
Número de la Clasificación Decimal Universal 615
210 0# - TÍTULO ABREVIADO
Título abreviado Pliegos rebot.
222 #0 - TÍTULO CLAVE
Título clave Pliegos de rebotica
245 00 - MENCIÓN DEL TÍTULO
Título Pliegos de rebotica /
Mención de responsabilidad, etc. Asociación española de Farmacéuticos de Letras y Artes.
260 ## - PUBLICACIÓN, DISTRIBUCIÓN, ETC.
Lugar de publicación, distribución, etc. Madrid :
Nombre del editor, distribuidor, etc. Consejo General de Colegios Oficiales de Farmacéuticos,
Fecha de publicación, distribución, etc. 1980-
300 ## - DESCRIPCIÓN FÍSICA
Extensión v. ;
Dimensiones 28 cm
310 ## - PERIODICIDAD ACTUAL
Periodicidad actual Trimestral
336 ## - TIPO DE CONTENIDO
Fuente rdacontent
Término de tipo de contenido texto
337 ## - TIPO DE MEDIO
Fuente rdamedia
Nombre/término del tipo de medio sin mediación
338 ## - TIPO DE SOPORTE
Fuente rdacarrier
Nombre/término del tipo de soporte volumen
362 0# - FECHAS DE PUBLICACIÓN Y/O DESIGNACIÓN SECUENCIAL
Fecha de publicación y/o designación secuencial 2. época, n. 1 (en. 1980)-
588 ## - NOTA DE FUENTE DE LA DESCRIPCIÓN
Nota de fuente de la descripción Descripción basada en: n. 152 (en.-marzo 2023)
650 04 - PUNTO DE ACCESO ADICIONAL DE MATERIA--TÉRMINO DE MATERIA
9 (RLIN) 12716
Término de materia o nombre geográfico como elemento de entrada Farmacéuticos-
Subdivisión geográfica España
655 #7 - TERMINO DE INDIZACIÓN--GENERO/FORMA
9 (RLIN) 226866
Datos o término principal de género/forma Revistas
710 2# - ENTRADA AGREGADA--NOMBRE DE ENTIDAD CORPORATIVA
9 (RLIN) 161025
Nombre de entidad corporativa o nombre de jurisdicción como elemento de entrada Asociación Española de Farmacéuticos de Letras y Artes
852 ## - LOCALIZACIÓN
Ubicación ES-MaACL
Ubicación en estantería Hemeroteca
Número de control de estantería HEM-1821
Donativo/Legado Donación: Editorial
Nota libre Revista viva
-- Casilleto actual: Cº 36
itemnumber 203952
866 ## - MENCIÓN TEXTUAL DE FONDOS--UNIDAD BIBLIOGRÁFICA BÁSICA
Fondos 2023-2024-2025-2026-
942 ## - ELEMENTOS DE ENTRADA SECUNDARIOS (KOHA)
Fuente del sistema de clasificación o colocación Clasificación decimal universal
Suprimir en OPAC No
Tipo de ítem Koha Revista
955 ## - CATALOGADOR - EDICIÓN
Nombre de catalogador Verónica Torres Díaz
Holdings
Estatus retirado Estado de pérdida Fuente del sistema de clasificación o colocación Especificación de materiales (volumen encuadernado u otra parte) Estado de daño No para préstamo Colección Biblioteca de origen Biblioteca actual Ubicación en estantería Fecha de adquisición Fuente de adquisición Total de préstamos Signatura topográfica completa Código de barras Visto por última vez Precio de reemplazo Tipo de ítem Koha
    Clasificación decimal universal Ultimo número recibido: Nº 165 (2026)     Periódicos y Revistas Biblioteca del Ateneo de Madrid Biblioteca del Ateneo de Madrid Hemeroteca 13/08/2024 Donación   HEM-1821 (Cº 36) 101228774 13/08/2024 13/08/2024 Revista